[Event "Vlissingen HZ op 21st"]
[Site "Vlissingen"]
[Date "2017.08.05"]
[Round "1"]
[White "Maatman, Nick"]
[Black "Niewenhuis, Ruud"]
[Result "1-0"]
[WhiteElo "2386"]
[BlackElo "1852"]
[PlyCount "54"]
[EventDate "2017.08.05"]
[EventType "swiss"]
[EventRounds "9"]
[EventCountry "NED"]
[SourceTitle "CBM 179 Extra"]
[Source "ChessBase"]
[SourceDate "2017.08.23"]
[SourceVersion "1"]
[SourceVersionDate "2017.08.23"]
[SourceQuality "1"]

1. d4 Nf6 2. c4 g6 3. Nc3 d5 4. cxd5 Nxd5 5. e4 Nxc3 6. bxc3 Bg7 7. Nf3 c5 8. Rb1 0-0 9. Be2 cxd4 10. cxd4 Qa5+ 11. Bd2 Qxa2 12. 0-0 a6 13. Qc1 Qe6 14. Bc4 Qxe4 15. Bxf7+ Kh8 16. Re1 Qc6 17. d5 Qxc1 18. Rbxc1 Nd7 19. Rxe7 Bf6 20. Bc3 Bxc3 21. Rxc3 Nf6 22. h3 a5 23. Ne5 Ra6 24. Rcc7 Bf5 25. g4 Bb1 26. g5 Ne4 27. h4 Nxf2 1-0

[Event "Vlissingen HZ op 17th"]
[Site "Vlissingen"]
[Date "2013.08.08"]
[Round "7"]
[White "Goormachtigh, Johan"]
[Black "Niewenhuis, Ruud"]
[Result "1-0"]
[WhiteElo "2182"]
[BlackElo "1941"]
[PlyCount "57"]
[EventDate "2013.08.03"]
[EventType "swiss"]
[EventRounds "9"]
[EventCountry "NED"]
[SourceTitle "CBM 155 Extra"]
[Source "ChessBase"]
[SourceDate "2013.08.26"]
[SourceVersion "1"]
[SourceVersionDate "2013.08.26"]
[SourceQuality "1"]

1. d4 Nf6 2. c4 g6 3. Nc3 d5 4. Nf3 Bg7 5. Bf4 c6 6. e3 0-0 7. Bd3 Nbd7 8. cxd5 Nxd5 9. Nxd5 cxd5 10. Qb3 Qa5+ 11. Ke2 Re8 12. Qb5 Qxb5 13. Bxb5 f6 14. Rhc1 e5 15. Bg3 exd4 16. Rxc8 Rexc8 17. Bxd7 Rc2+ 18. Kd3 Rxb2 19. Nxd4 f5 20. Be6+ Kf8 21. Rc1 Bxd4 22. Kxd4 Ke7 23. Ke5 Rb4 24. Rc7+ Kf8 25. Rxh7 Re4+ 26. Kf6 Rxe6+ 27. Kxe6 Re8+ 28. Kf6 Kg8 29. Rg7+ 1-0

[Event "Vlissingen HZ op 17th"]
[Site "Vlissingen"]
[Date "2013.08.06"]
[Round "5"]
[White "Van Gool, Henk"]
[Black "Niewenhuis, Ruud"]
[Result "1/2-1/2"]
[WhiteElo "2152"]
[BlackElo "1941"]
[PlyCount "123"]
[EventDate "2013.08.03"]
[EventType "swiss"]
[EventRounds "9"]
[EventCountry "NED"]
[SourceTitle "CBM 155 Extra"]
[Source "ChessBase"]
[SourceDate "2013.08.26"]
[SourceVersion "1"]
[SourceVersionDate "2013.08.26"]
[SourceQuality "1"]

1. d4 Nf6 2. Nf3 g6 3. Nbd2 d5 4. e3 Bg7 5. b4 Nbd7 6. Bb2 c6 7. c4 0-0 8. Be2 Re8 9. Qb3 e6 10. 0-0 dxc4 11. Nxc4 Nb6 12. Nfe5 Nxc4 13. Nxc4 Ne4 14. Rfd1 Qh4 15. g3 Qe7 16. Rac1 Bd7 17. f4 Red8 18. Na5 Be8 19. Bf3 Nd6 20. a4 Rab8 21. Bc3 Nf5 22. Be1 h5 23. Bf2 Kh7 24. Rc2 Bf8 25. Rb2 Qc7 26. e4 Ne7 27. Rc2 b6 28. Nc4 Rbc8 29. Ne5 Ng8 30. d5 c5 31. Rdc1 f6 32. Nd3 exd5 33. exd5 Qd7 34. bxc5 Qxa4 35. Qxa4 Bxa4 36. Ra2 Bb5 37. Rxa7+ Kh6 38. c6 Bxd3 39. Rd1 Bf5 40. Bxb6 Bd6 41. Kg2 Ra8 42. Rda1 Rxa7 43. Rxa7 Rb8 44. Bd4 Rb4 45. Ba1 Rc4 46. Ra2 g5 47. fxg5+ fxg5 48. h3 g4 49. hxg4 hxg4 50. Be2 Be4+ 51. Kf2 Rc1 52. Bd4 Bxd5 53. Be3+ Kg6 54. Ra5 Rxc6 55. Rxd5 Nf6 56. Rg5+ Kf7 57. Bd3 Rc3 58. Bg6+ Ke7 59. Bf4 Bxf4 60. gxf4 Rf3+ 61. Kg2 Rxf4 62. Bf5 1/2-1/2

[Event "Vlissingen HZ op 16th"]
[Site "Vlissingen"]
[Date "2012.08.06"]
[Round "4"]
[White "Niewenhuis, Ruud"]
[Black "Porte, Henrik"]
[Result "0-1"]
[WhiteElo "1962"]
[BlackElo "2132"]
[PlyCount "116"]
[EventDate "2012.08.04"]
[EventType "swiss"]
[EventRounds "9"]
[EventCountry "NED"]
[SourceTitle "CBM 149 Extra"]
[Source "ChessBase"]
[SourceDate "2012.08.24"]
[SourceVersion "1"]
[SourceVersionDate "2012.08.24"]
[SourceQuality "1"]

1. Nf3 d5 2. c4 c6 3. Qc2 Nf6 4. e3 e6 5. b3 Nbd7 6. Bb2 Bd6 7. d4 0-0 8. Bd3 Re8 9. Ne5 Bxe5 10. dxe5 Ng4 11. Bxh7+ Kh8 12. Bd3 Ngxe5 13. Be2 Ng6 14. h4 e5 15. h5 Ngf8 16. h6 g6 17. f4 Kh7 18. Qc3 Qe7 19. 0-0 f6 20. f5 gxf5 21. Bh5 Ng6 22. cxd5 cxd5 23. Na3 Nc5 24. Rac1 b6 25. Ba1 Be6 26. b4 Ne4 27. Qc7 Qxc7 28. Rxc7+ Kxh6 29. Bxg6 Kxg6 30. Rfc1 Rec8 31. Bb2 Nd6 32. R1c6 Rxc7 33. Rxc7 Nc4 34. Nxc4 dxc4 35. Rc6 Re8 36. Kf2 Bd5 37. Rd6 Be4 38. Rd7 a5 39. bxa5 bxa5 40. Bc3 Rb8 41. Rc7 Bd3 42. Bxa5 Rb2+ 43. Kg3 Rxa2 44. Be1 Rc2 45. Rd7 Be4 46. Rd2 Rc1 47. Re2 Bd3 48. Bd2 Rc2 49. Rf2 c3 50. Be1 Rc1 51. Bxc3 Rxc3 52. Rd2 Be4 53. Kf2 Rc2 54. Rxc2 Bxc2 55. Kg3 Kg5 56. Kf3 Be4+ 57. Kg3 Bc6 58. Kf2 Kg4 0-1

[Event "Vlissingen HZ op 14th"]
[Site "Vlissingen"]
[Date "2010.08.12"]
[Round "7"]
[White "Bodicker, Rob"]
[Black "Niewenhuis, Ruud"]
[Result "0-1"]
[WhiteElo "2080"]
[BlackElo "1898"]
[PlyCount "70"]
[EventDate "2010.08.07"]
[EventType "swiss"]
[EventRounds "9"]
[EventCountry "NED"]
[SourceTitle "CBM 137 Extra"]
[Source "ChessBase"]
[SourceDate "2010.09.01"]
[SourceVersion "1"]
[SourceVersionDate "2010.09.01"]
[SourceQuality "1"]

1. d4 Nf6 2. c4 e6 3. Nf3 b6 4. a3 Bb7 5. Nc3 Ne4 6. Nxe4 Bxe4 7. Nd2 Bb7 8. e4 d6 9. Qc2 a5 10. Nf3 Nd7 11. Be2 Be7 12. 0-0 e5 13. Be3 exd4 14. Nxd4 0-0 15. f4 Nc5 16. Bf3 a4 17. Rad1 Re8 18. e5 Bf8 19. Bxb7 Nxb7 20. Nf5 g6 21. Ng3 f5 22. Bd4 dxe5 23. Bxe5 Qe7 24. Qc3 Qc5+ 25. Kh1 Nd6 26. Rc1 Qc6 27. Qd4 Ra5 28. Rc3 Nf7 29. c5 Nxe5 30. fxe5 Bxc5 31. Qf4 Qe6 32. h4 Qxe5 33. Qg5 Be3 34. Rxe3 Qxe3 35. Rf4 Qe7 0-1

[Event "Vlissingen HZ op 14th"]
[Site "Vlissingen"]
[Date "2010.08.07"]
[Round "1"]
[White "Niewenhuis, Ruud"]
[Black "Bosboom, Manuel"]
[Result "0-1"]
[WhiteElo "1898"]
[BlackElo "2455"]
[PlyCount "74"]
[EventDate "2010.08.07"]
[EventType "swiss"]
[EventRounds "9"]
[EventCountry "NED"]
[SourceTitle "CBM 137 Extra"]
[Source "ChessBase"]
[SourceDate "2010.09.01"]
[SourceVersion "1"]
[SourceVersionDate "2010.09.01"]
[SourceQuality "1"]

1. Nf3 d6 2. d4 Bg4 3. Nbd2 Nd7 4. h3 Bh5 5. c3 e5 6. Qb3 Qb8 7. g4 Bg6 8. Nh4 c6 9. Bg2 Be7 10. Nxg6 hxg6 11. e4 Bg5 12. Nc4 Bxc1 13. Rxc1 b5 14. Nd2 Ngf6 15. Qc2 Nf8 16. c4 Ne6 17. Nb3 a5 18. dxe5 dxe5 19. cxb5 cxb5 20. Qc6+ Ke7 21. 0-0 a4 22. g5 axb3 23. gxf6+ gxf6 24. axb3 Rc8 25. Qxc8 Qxc8 26. Rxc8 Rxc8 27. Ra1 Rc2 28. Ra5 Nd4 29. Bf1 f5 30. exf5 gxf5 31. Bxb5 e4 32. Bc4 Kf6 33. Ra7 Ke5 34. Bxf7 Nf3+ 35. Kg2 Kf4 36. Re7 Nh4+ 37. Kf1 Nf3 0-1

[Event "Vlissingen HZ op 13th"]
[Site "Vlissingen"]
[Date "2009.08.01"]
[Round "1"]
[White "Niewenhuis, Ruud"]
[Black "Bosboom, Manuel"]
[Result "0-1"]
[WhiteElo "1913"]
[BlackElo "2444"]
[PlyCount "54"]
[EventDate "2009.08.01"]
[EventType "swiss"]
[EventRounds "9"]
[EventCountry "NED"]
[SourceTitle "CBM 131 Extra"]
[Source "ChessBase"]
[SourceDate "2009.09.03"]
[SourceVersion "2"]
[SourceVersionDate "2009.09.16"]
[SourceQuality "1"]

1. Nf3 d6 2. d4 Nf6 3. Nc3 g6 4. e4 Bg7 5. Bg5 c6 6. Be2 h6 7. Bf4 Nbd7 8. h3 e5 9. Be3 Qe7 10. dxe5 dxe5 11. 0-0 Nc5 12. Bd3 Nh5 13. Re1 Be6 14. Qe2 b5 15. a3 0-0 16. Rad1 Rfd8 17. Qd2 Nxd3 18. cxd3 Bb3 19. Rc1 Bc4 20. Bxh6 Rxd3 21. Bg5 f6 22. Qc2 Rxf3 23. gxf3 fxg5 24. Ne2 Qe6 25. Kh2 Bxe2 26. Qxe2 Nf4 27. Qf1 Kf7 0-1